[Event "IMD Prima Pack Cup"]
[Site "Olomouc CZE"]
[Date "2008.07.30"]
[Round "1"]
[White "Prikryl,T"]
[Black "Ptacnikova,L"]
[Result "1/2-1/2"]
[WhiteElo "2058"]
[BlackElo "2259"]

1.e4 d5 2.exd5 Qxd5 3.Nc3 Qd6 4.Bc4 Nf6 5.d3 a6 6.Nge2 b5 7.Bb3 Bb7 8.O-O c5
9.Ng3 e6 10.Qe2 Be7 11.Nce4 Qc6 12.Nxf6+ gxf6 13.f3 h5 14.h3 h4 15.Ne4 Nd7
16.Bf4 Rg8 17.a4 Nb6 18.axb5 axb5 19.Rxa8+ Bxa8 20.Ra1 c4 21.dxc4 bxc4 22.Bxc4 Nxc4
23.Rxa8+ Qxa8 24.Qxc4 Rg6 25.b4 f5 26.Nd6+ Kf8 27.Kh2 Qd8 28.Nc8 e5 29.Nxe7 Qxe7
30.Be3 Kg7 31.Qc5 Qxc5 32.Bxc5 Ra6 33.b5 Ra5 34.c4 Ra1 35.Bd6 Kf6 36.f4 exf4
37.Bxf4 Ra4 38.b6 Rb4 39.c5 Ke6 40.Kg1 Kd5 41.Bd6 Rb2 42.Be7 Rb4 43.Kf2 Kc6
44.Kf3 Rc4 45.Bd6 Re4 46.Be7 Rb4 47.Bd6 Rc4 48.Be7 Rb4  1/2-1/2

[Event "III Open"]
[Site "Oviedo ESP"]
[Date "2008.07.30"]
[Round "8"]
[White "Suarez Garcia,I"]
[Black "Garcia Garcia,Je2"]
[Result "0-1"]
[WhiteElo "1661"]
[BlackElo "1960"]

1.e4 d5 2.exd5 Qxd5 3.Nc3 Qd6 4.d4 Nf6 5.Bc4 a6 6.a4 Nc6 7.Be3 Bg4 8.Nge2 e6
9.h3 Bxe2 10.Nxe2 Qb4+ 11.c3 Qxc4 12.b3 Qd5 13.Nf4 Qd7 14.O-O Nd5 15.Nxd5 exd5
16.Re1 Be7 17.Bg5 O-O 18.Be3 a5 19.Qh5 Bf6 20.Qg4 Qxg4 21.hxg4 g5 22.f3 Rfe8
23.Bf2 Rxe1+ 24.Rxe1 Ne7 25.Bg3 Rc8 26.f4 gxf4 27.Bxf4 Ng6 28.g3 c5 29.dxc5 Nxf4
30.gxf4 Bxc3 31.Re7 Bd4+ 32.Kg2 Bxc5 33.Rxb7 Rd8 34.Kf3 d4 35.Ke2 d3+ 36.Kd1 Bb4
37.f5 Re8 38.Kc1 d2+ 39.Kc2 Rc8+  0-1

[Event "9th Epetium Open"]
[Site "Stobrec CRO"]
[Date "2008.07.30"]
[Round "5"]
[White "Milosavljevic,J"]
[Black "Plenkovic,Z"]
[Result "0-1"]
[WhiteElo "2082"]
[BlackElo "2346"]

1.e4 d5 2.exd5 Qxd5 3.Nc3 Qd6 4.d4 g6 5.Bc4 Bg7 6.Be3 Nf6 7.Qd2 O-O 8.Nf3 a6
9.a4 Qb4 10.Bb3 Nc6 11.O-O Bg4 12.Ne1 Bf5 13.h3 Rad8 14.Nf3 Na5 15.Ra3 c5
16.Ne2 Qxd2 17.Bxd2 Nxb3 18.Rxb3 Bxc2 19.Rxb7 Bxa4 20.Ba5 Rd7 21.Rxd7 Nxd7
22.Nc3 Bc6 23.dxc5 Bxf3 24.gxf3 Nxc5 25.Re1 Re8 26.Rd1 Nb3 27.Bb4 Nd4 28.Kg2 Nc6
29.Ba3 Rb8 30.Na4 e6 31.Nc5 Bxb2 32.Nxa6 Rb3 33.Bxb2 Rxb2 34.Nc5 Rb5 35.Ne4 Kg7
36.Rd7 Ne5 37.Rc7 Rd5 38.f4 Nd3 39.Kg3 Rf5  0-1

[Event "Sun Pawn A"]
[Site "Illichevsk UKR"]
[Date "2008.07.31"]
[Round "11"]
[White "Kozel,R"]
[Black "Opinca,S"]
[Result "1/2-1/2"]
[WhiteElo "2387"]
[BlackElo "2175"]

1.e4 d5 2.exd5 Qxd5 3.Nc3 Qd6 4.Nf3 Nf6 5.d4 a6 6.Be2 Nc6 7.O-O Bg4 8.h3 Bxf3
9.Bxf3 O-O-O 10.Bxc6 Qxc6 11.Bg5 Rg8 12.Qd3 e6 13.Bxf6 gxf6 14.d5 exd5 15.Qxh7 Bb4
16.Rad1 Bxc3 17.bxc3 d4 18.Qf5+ Kb8 19.g3 Qxc3 20.Qf4  1/2-1/2

[Event "III Open"]
[Site "Oviedo ESP"]
[Date "2008.07.31"]
[Round "9"]
[White "Chemli,F"]
[Black "Garcia Garcia,Je2"]
[Result "0-1"]
[WhiteElo "1790"]
[BlackElo "1960"]

1.e4 d5 2.exd5 Qxd5 3.Nc3 Qd6 4.d4 Nf6 5.Nf3 Bg4 6.Be2 a6 7.Be3 Nc6 8.Qd2 O-O-O
9.O-O-O e6 10.h3 Bh5 11.g4 Bg6 12.Nh4 Ne4 13.Nxe4 Bxe4 14.f3 Bg6 15.c3 Be7
16.Ng2 e5 17.d5 Nb8 18.h4 f6 19.Bd3 Bxd3 20.Qxd3 c6 21.c4 cxd5 22.cxd5 Nd7
23.h5 Nb6 24.Bxb6 Qxb6 25.Nh4 Bc5 26.Nf5 g6 27.hxg6 hxg6 28.Ng3 Bd4 29.Qc2+ Kb8
30.Rxh8 Rxh8 31.Qb3 Qxb3 32.axb3 Rh2 33.Ne4 f5 34.gxf5 gxf5 35.Nc3 Kc7 36.b4 Kd6
37.Rd3 Rf2 38.Kb1 Bxc3 39.Rxc3 Kxd5 40.Kc1 Kd4 41.Kb1 e4 42.fxe4 fxe4 43.Rc7 Kd3
44.Rxb7 Rf1+ 45.Ka2 e3 46.Rd7+ Ke2 47.Rd6 Rf4 48.Kb3 Kf2 49.Rxa6 e2 50.Ra1 e1=Q
51.Rxe1 Kxe1 52.Ka4 Kd2 53.Ka5 Kc2 54.b5 Kb3 55.b6 Rb4 56.Ka6 Kc4 57.b7 Kc5
58.Ka7 Ra4+ 59.Kb8 Kb6 60.Kc8 Rc4+  0-1

[Event "III Open"]
[Site "Oviedo ESP"]
[Date "2008.07.31"]
[Round "9"]
[White "Alvarez Ballesteros,P"]
[Black "Menendez Rodriguez,H"]
[Result "1-0"]
[WhiteElo "1982"]
[BlackElo "1831"]

1.e4 d5 2.exd5 Qxd5 3.Nc3 Qd8 4.Bc4 Nf6 5.d3 g6 6.Bf4 a6 7.Qd2 Bg7 8.O-O-O O-O
9.Bh6 b5 10.Bxg7 Kxg7 11.Bb3 Nc6 12.f4 Nd4 13.Nge2 Nxb3+ 14.cxb3 c5 15.h3 Bb7
16.Rhg1 Qc7 17.g4 Rfd8 18.Qe3 Nd5 19.Nxd5 Rxd5 20.h4 Rad8 21.h5 a5 22.hxg6 hxg6
23.f5 Qd6 24.fxg6 fxg6 25.Nf4 Re5 26.Qg3 Qd4 27.Rge1 Rxe1 28.Rxe1 Bc8 29.Rxe7+ Kg8
30.Qh2 Qh8 31.Qxh8+ Kxh8 32.Nxg6+ Kg8 33.Rc7 Bxg4 34.Rxc5 Rxd3 35.Rxb5 Rd1+
36.Kc2 Rf1 37.Ne5 Rf2+ 38.Kc3 Bd1 39.Nc4 a4 40.Rg5+ Kf7 41.bxa4 Bxa4 42.Kb4 Kf6
43.Re5 Bd7 44.Re1 Be6 45.a4 Bxc4 46.Kxc4 Rxb2 47.a5 Rc2+ 48.Kb5 Rb2+ 49.Kc6 Ra2
50.Kb6 Rb2+ 51.Ka7 Ra2 52.a6 Rb2 53.Rc1 Ke5 54.Rc6 Kd5 55.Rb6 Re2 56.Ka8 Re8+
57.Rb8 Re6 58.a7 Kc6 59.Rc8+ Kb6 60.Kb8  1-0

[Event "XXXIV Open"]
[Site "Badalona ESP"]
[Date "2008.08.01"]
[Round "1"]
[White "Triquell Sanchez,J"]
[Black "Cruz,F"]
[Result "0-1"]
[WhiteElo "2070"]
[BlackElo "2416"]

1.e4 d5 2.exd5 Qxd5 3.Nc3 Qd6 4.d4 Nf6 5.Nf3 c6 6.h3 Bf5 7.Bd3 Bxd3 8.Qxd3 Nbd7
9.O-O e6 10.b4 Be7 11.Rb1 O-O 12.Be3 Rfd8 13.Qe2 Qc7 14.a4 Bd6 15.Nd2 e5
16.Nc4 Re8 17.Nxd6 Qxd6 18.dxe5 Qxe5 19.Qc4 Qf5 20.Qb3 Re6 21.Ne2 Qe4 22.Ng3 Qg6
23.Rbd1 b6 24.Bc1 Rae8 25.Bb2 h5 26.Rd4 c5 27.bxc5 Nxc5 28.Qc3 Re5 29.Rfd1 Ne6
30.Rc4 Rc5 31.Rxc5 Nxc5 32.Rd4 Qg5 33.Qf3 Re1+ 34.Kh2 Ng4+ 35.Rxg4 hxg4 36.Qc3 Rb1  0-1

[Event "9th Epetium Open"]
[Site "Stobrec CRO"]
[Date "2008.08.01"]
[Round "6"]
[White "Amizic,I"]
[Black "Buzancic,T"]
[Result "0-1"]
[WhiteElo "1553"]
[BlackElo "1751"]

1.e4 d5 2.exd5 Qxd5 3.Nc3 Qd8 4.d4 c6 5.Nf3 Bf5 6.Bd3 Bg6 7.Bxg6 hxg6 8.Ne5 Nd7
9.Nxd7 Qxd7 10.Be3 e6 11.Qf3 Bd6 12.g3 Bb4 13.O-O Nf6 14.Ne4 Nxe4 15.Qxe4 O-O-O
16.c3 Bd6 17.Kg2 e5 18.h4 f5 19.Qc2 f4 20.dxe5 Bxe5 21.Rad1 Qg4 22.Rxd8+ Rxd8
23.Qe4 Bc7 24.Bxa7 f3+ 25.Qxf3 Qxf3+ 26.Kxf3 b6 27.Ke2 Kb7 28.Bxb6 Kxb6 29.Rd1 Re8+
30.Kf3 Rf8+ 31.Kg2 Be5 32.Rd3 Kc5 33.b3 Ra8 34.a4 Rb8 35.Re3 Bf6 36.c4 Kb4
37.Kf3 Ka3 38.Ke4 Re8+ 39.Kd3 Rxe3+ 40.fxe3 Kxb3 41.a5 Be5 42.a6 Bb8 43.Kd4 Kb4
44.e4 Ba7+ 45.Kd3 Ka5 46.g4 Kxa6 47.e5 Bc5 48.Ke4 Kb6 49.Kf4 Be7 50.g5 Kc7  0-1

[Event "3rd Int Open"]
[Site "Edmonton CAN"]
[Date "2008.08.02"]
[Round "5"]
[White "Hansen,Eric"]
[Black "Cheng,Bi"]
[Result "1/2-1/2"]
[WhiteElo "2268"]
[BlackElo "2333"]

1.e4 d5 2.exd5 Qxd5 3.Nc3 Qd6 4.Nf3 Nf6 5.d4 a6 6.g3 Bg4 7.Bg2 Nc6 8.O-O O-O-O
9.d5 Ne5 10.Bf4 Nxf3+ 11.Bxf3 Bxf3 12.Qxf3 e5 13.Bg5 Be7 14.Rad1 h6 15.Bxf6 Qxf6
16.Qg4+ Kb8 17.Ne4 Qb6 18.Qxg7 Qxb2 19.c4 Qc2 20.Qxe5 Ba3 21.Qd4 Rhe8 22.Nc5 b6
23.Nd3 Re2 24.Ne5 Bc5 25.Nc6+ Ka8 26.Qf6 Rde8 27.Nd4 Bxd4 28.Rxd4 Ka7 29.Qxf7 R8e7
30.Qf4 Qxa2 31.Qxh6 Rxf2 32.Rxf2 Qa1+ 33.Kg2 Qxd4 34.Qf4 Qc5 35.h4 b5 36.cxb5 Qxd5+
37.Qf3 Qxf3+ 38.Rxf3 axb5 39.g4 b4 40.g5 Rg7 41.Rf6 c5 42.Rc6 b3 43.Rxc5 b2
44.Rb5 Rb7 45.Rxb2 Rxb2+ 46.Kf3 Rb1 47.Kg4 Kb7 48.h5 Kc7 49.g6 Rg1+ 50.Kf5 Kd7
51.h6 Rf1+ 52.Ke4 Re1+ 53.Kd3 Rh1 54.g7 Rxh6 55.g8=Q Rd6+ 56.Ke4 Rb6 57.Qf7+ Kc6
58.Qc4+ Kd7 59.Ke5 Rc6 60.Qf7+ Kc8 61.Kd5 Rc7 62.Qe8+ Kb7 63.Kd6 Rc8 64.Qb5+ Ka7
65.Kd7 Rb8 66.Qa5+ Kb7 67.Qc7+ Ka8 68.Kc6 Rb6+ 69.Kd5 Rb5+ 70.Ke4 Rb4+ 71.Kf3 Rb3+  1/2-1/2

[Event "Najdorf Memorial Open"]
[Site "Warsaw POL"]
[Date "2008.08.02"]
[Round "1"]
[White "Gdanski,J"]
[Black "Pazderski,Z"]
[Result "1/2-1/2"]
[WhiteElo "2523"]
[BlackElo "2197"]

1.e4 d5 2.exd5 Qxd5 3.Nc3 Qd6 4.g3 Nf6 5.Bg2 Bg4 6.Nge2 Nc6 7.h3 Bh5 8.d3 e5
9.g4 Bg6 10.f4 exf4 11.Bxf4 Qd7 12.Qd2 a6 13.O-O-O O-O-O 14.g5 Nh5 15.Nd5 Bd6
16.h4 Bf5 17.Bxd6 Qxd6 18.Ne3 Bg6 19.Nc4 Qc5 20.Nc3 Rhe8 21.Rhe1 Nd4 22.Na4 Qb5
23.b3 Ng3 24.Kb2 Bh5 25.Rxe8 Rxe8 26.Qc3 Ngf5 27.Re1 Kb8 28.Rxe8+ Qxe8 29.Nc5 Bf3
30.Bxf3 Nxf3 31.Na5 Qe3 32.Naxb7 Qd4 33.Nd8 Qxc3+ 34.Kxc3 Nd6 35.Ne4 Nxh4
36.Nxd6 cxd6 37.Nxf7 Nf5 38.Kc4 h5 39.gxh6 gxh6 40.Kd5 h5 41.Ke4 h4 42.Ng5 Ng3+
43.Kf3 Nf5 44.c3 Kb7 45.b4 a5 46.bxa5 Ka6 47.Ke4 Ng3+ 48.Kd5 Ne2 49.c4 Nf4+
50.Ke4 h3 51.Nxh3 Nxh3 52.d4 Ng5+ 53.Kd5 Nf3 54.Ke4 Nd2+ 55.Kd3 Nf3 56.Ke3 Ne1
57.Kd2 Nf3+ 58.Ke3 Ne1 59.Ke4 Kxa5 60.Kd5 Nc2 61.c5 dxc5 62.dxc5 Kb5 63.Kd6 Nd4
64.Kd5 Nf5 65.a4+ Kxa4 66.c6 Ne7+ 67.Kd6 Nxc6  1/2-1/2

[Event "Baltic Sea Cup"]
[Site "Bornholm DEN"]
[Date "2008.08.03"]
[Round "7"]
[White "Medvegy,N"]
[Black "Khenkin,I"]
[Result "0-1"]
[WhiteElo "2353"]
[BlackElo "2655"]

1.e4 d5 2.exd5 Qxd5 3.Nc3 Qd6 4.d4 Nf6 5.g3 Bg4 6.f3 Be6 7.Bf4 Qd8 8.Qd2 c6
9.O-O-O Nbd7 10.Nh3 h6 11.g4 Qa5 12.a3 b5 13.Bxb5 cxb5 14.d5 Bxg4 15.fxg4 g5
16.Bg3 Bg7 17.Nf2 Rc8 18.Rhe1 O-O 19.Rxe7 Nb6 20.Bc7 Nfxd5 21.Bxb6 Nxb6 22.Nfe4 b4
23.Nd5 Bxb2+ 24.Kb1 Qxa3 25.Ndf6+ Kh8 26.c3  0-1

[Event "3rd Int Open"]
[Site "Edmonton CAN"]
[Date "2008.08.03"]
[Round "7"]
[White "Reeve,J"]
[Black "Cheng,Bi"]
[Result "1/2-1/2"]
[WhiteElo "2243"]
[BlackElo "2333"]

1.e4 d5 2.exd5 Qxd5 3.Nc3 Qd6 4.d4 Nf6 5.Nf3 c6 6.g3 Bg4 7.Bg2 e6 8.O-O Qc7
9.Re1 Be7 10.h3 Bxf3 11.Bxf3 Nbd7 12.Bf4 Qd8 13.d5 cxd5 14.Nxd5 Nxd5 15.Bxd5 Nc5
16.Bg2 Qb6 17.Be5 Rd8 18.Qg4 Bf6 19.Bxf6 gxf6 20.b4 Nd7 21.Rad1 Ne5 22.Rxd8+ Qxd8
23.Qe2 O-O 24.f4 Nc6 25.c3 Ne7 26.Kh2 Qc7 27.c4 Rd8 28.Rd1 Re8 29.c5 Ng6
30.Qd2 Kg7 31.Qd7 Re7 32.Qxc7 Rxc7 33.Rd8 Ne7 34.Ra8 b6 35.cxb6 axb6 36.a4 Rc4
37.b5 Rb4 38.Rb8 Nd5 39.Bxd5 exd5 40.Rxb6 Rxa4 41.Rd6 d4 42.h4 Ra2+ 43.Kh3 Rb2
44.Rd5 d3 45.Rxd3 Rxb5  1/2-1/2

[Event "WCh-Junior Girls"]
[Site "Gaziantep TUR"]
[Date "2008.08.03"]
[Round "1"]
[White "Padmini,R"]
[Black "Wiid,D"]
[Result "1-0"]
[WhiteElo "2257"]
[BlackElo "1931"]

1.e4 d5 2.exd5 Qxd5 3.Nc3 Qd6 4.d4 Nf6 5.Nf3 a6 6.g3 g6 7.Bg2 Bg7 8.O-O O-O
9.Bf4 Qd8 10.Qd2 Nc6 11.Rad1 e6 12.Bh6 Rb8 13.Bxg7 Kxg7 14.Ne5 Nb4 15.Ne2 Nbd5
16.c4 Ne7 17.Nf4 b6 18.Rfe1 Bb7 19.Nxf7 Kxf7 20.Nxe6 Qd6 21.Bxb7 Rxb7 22.Nxf8 Kxf8
23.d5 Kg7 24.Re6 Qd7 25.Qc3 Ng8 26.g4 Kf7 27.g5 Nh5 28.Rd3 Ne7 29.Qh8  1-0

[Event "12th HZ Open"]
[Site "Vlissingen NED"]
[Date "2008.08.03"]
[Round "2"]
[White "Dek,L"]
[Black "Rogmans,J"]
[Result "1-0"]
[WhiteElo "2179"]
[BlackElo "1958"]

1.e4 d5 2.exd5 Qxd5 3.Nc3 Qd6 4.d4 Nf6 5.Bd3 a6 6.Nge2 Bg4 7.f3 Bh5 8.Bf4 Qd7
9.Qd2 Nc6 10.g4 Bg6 11.O-O-O e6 12.a3 Bd6 13.Ne4 Bxe4 14.Bxe4 Nxe4 15.fxe4 Bxf4
16.Qxf4 O-O-O 17.Rhf1 Rhf8 18.Qg5 g6 19.Qf6 Qe7 20.g5 Qxf6 21.Rxf6 Rd7 22.c3 Rh8
23.Rdf1 Nd8 24.h4 h5 25.Nf4 c6 26.Nd3 Rh7 27.Kd2 Kc7 28.Ne5 Re7 29.Kd3 b5
30.b3 Kc8 31.c4 Rb7 32.Kc3 Rc7 33.Kd3 Rb7 34.Kc3 Rc7 35.R1f2 Rg7 36.b4 Ra7
37.c5 a5 38.Kb3 a4+ 39.Kc3 Re7 40.Rd2 Rg8 41.Rd3 Rg7 42.d5 exd5 43.Nxc6 Rxe4
44.Na7+ Kb8 45.Nxb5 Ne6 46.Rxd5 Rxh4 47.c6 Rh1 48.Rxe6  1-0

[Event "XVIII Open"]
[Site "La Pobla de Lillet ESP"]
[Date "2008.08.05"]
[Round "4"]
[White "Lopez Forn,M"]
[Black "Granados Gomez,M"]
[Result "0-1"]
[WhiteElo "1881"]
[BlackElo "2407"]

1.e4 d5 2.exd5 Qxd5 3.Nc3 Qd6 4.Bc4 Nf6 5.Nf3 a6 6.O-O Bg4 7.d4 Nc6 8.d5 Ne5
9.Be2 Nxf3+ 10.Bxf3 h5 11.g3 Qd7 12.h4 O-O-O 13.Bg5 Qf5 14.Bxg4 Nxg4 15.Qd4 Ne5
16.Qf4 g6 17.Qxf5+ gxf5 18.Kg2 Rd7 19.Rfe1 Bg7 20.Rad1 Rhd8 21.Re2 Ng6 22.Red2 b5
23.a3 Bxc3 24.bxc3 Ne5 25.Rd4 Nc4 26.Bc1 Nb6 27.d6 cxd6 28.Kf3 Rc7 29.R4d3 Na4
30.Kf4 Nxc3 31.Re1 e6 32.Kg5 Ne4+ 33.Kxh5 Rh8+ 34.Bh6 Nxf2  0-1

[Event "Baltic Sea Cup"]
[Site "Bornholm DEN"]
[Date "2008.08.06"]
[Round "10"]
[White "Savchenko,B"]
[Black "Golod,V"]
[Result "1/2-1/2"]
[WhiteElo "2578"]
[BlackElo "2578"]

1.e4 d5 2.exd5 Qxd5 3.Nc3 Qd8 4.d4 Nf6 5.Nf3 Bg4 6.Be2 c6 7.O-O e6 8.h3 Bxf3
9.Bxf3 Nbd7 10.Ne4 Nxe4 11.Bxe4 Nf6 12.Bg5  1/2-1/2

[Event "12th HZ Open"]
[Site "Vlissingen NED"]
[Date "2008.08.08"]
[Round "8"]
[White "Schut,L"]
[Black "Van Weersel,A"]
[Result "1-0"]
[WhiteElo "2135"]
[BlackElo "2233"]

1.e4 d5 2.exd5 Qxd5 3.Nc3 Qd8 4.d4 Nf6 5.Nf3 c6 6.Bf4 Bg4 7.Be2 e6 8.Qd2 Nbd7
9.h3 Bh5 10.O-O-O Qa5 11.Ne5 Nxe5 12.Bxe5 Bxe2 13.Qxe2 Nd5 14.Nxd5 Qxd5 15.c4 Qa5
16.Kb1 O-O-O 17.d5 exd5 18.cxd5 c5 19.Rhe1 Qa4 20.d6 Qd7 21.b4 cxb4 22.Qc4+ Kb8
23.Qc7+ Ka8 24.Rc1 Bxd6 25.Qxd7 Rxd7 26.Red1 Bxe5 27.Rxd7 Rf8 28.Rc5 Bc3
29.Rxf7 Re8 30.Re7 Rd8 31.Rd5 Rf8 32.Rdd7 a5 33.Rxb7 Rxf2 34.Rbd7 Rf8 35.Kc2 a4
36.Ra7+ Kb8 37.Rxa4 Rf2+ 38.Kb3 Rxg2 39.Re3 h5 40.a3 h4 41.axb4 Bf6 42.Ra2 Rg3
43.Rxg3 hxg3 44.Kc4 Kb7 45.Rg2 Be5 46.Kb5 Bf4 47.h4 Bc7 48.h5 Bd6 49.Re2 Kc7
50.Re6 Kd7 51.Rg6 Be5 52.Ka6 Ke7 53.b5 Kf7 54.b6 Kg8 55.Ka7 Kh7 56.b7  1-0

[Event "Najdorf Memorial Open"]
[Site "Warsaw POL"]
[Date "2008.08.08"]
[Round "7"]
[White "Zakhartsov,Vl"]
[Black "Krasiewicz,R"]
[Result "1-0"]
[WhiteElo "2023"]
[BlackElo "2136"]

1.e4 d5 2.exd5 Qxd5 3.Nc3 Qd6 4.d4 Nf6 5.Nf3 a6 6.Bd3 Nbd7 7.O-O c5 8.Ne2 b5
9.Bf4 Qb6 10.c3 e6 11.Ne5 Bb7 12.Nxd7 Nxd7 13.Qc2 Nf6 14.f3 Rc8 15.Be3 Qc6
16.Ng3 Nd5 17.Be4 Qb6 18.Bxd5 Bxd5 19.Qf2 cxd4 20.Bxd4 Bc5 21.Bxc5 Qxc5 22.Qxc5 Rxc5
23.a3 Ke7 24.Rfe1 Rd8 25.Rad1 Rcc8 26.Rd4 Rc4 27.Red1 Rxd4 28.Rxd4 Rd6 29.Kf2 Bc6
30.Ke3 f5 31.Nh5 Rxd4 32.Kxd4 g6 33.Nf4 Kd6 34.Nd3 g5 35.Ne5 Be8 36.g3 h5
37.f4 gxf4 38.gxf4 a5 39.c4 b4 40.axb4 axb4 41.c5+ Kc7 42.Kc4 Kb7 43.Kxb4 Ka6
44.h4 Bb5 45.Nc4 Bc6 46.Kc3 Kb5 47.b4 Bd5 48.Nd6+ Kc6 49.Kd4 Bb3 50.b5+ Kd7
51.Ke5 Bd5 52.Nxf5  1-0

[Event "Najdorf Memorial Open"]
[Site "Warsaw POL"]
[Date "2008.08.08"]
[Round "7"]
[White "Lach,P"]
[Black "Pazderski,Z"]
[Result "0-1"]
[WhiteElo "2048"]
[BlackElo "2197"]

1.e4 d5 2.exd5 Qxd5 3.Nc3 Qd6 4.d4 Nf6 5.Nf3 a6 6.Be3 Nc6 7.Qd2 Bf5 8.a3 e6
9.Nh4 O-O-O 10.O-O-O Be4 11.Nxe4 Nxe4 12.Qd3 f5 13.f4 Qd5 14.c4 Qa5 15.Nf3 Be7
16.Qb3 g5 17.g3 g4 18.Ne5 Nxe5 19.fxe5 Bg5 20.Bxg5 Nxg5 21.Bg2 c6 22.Kb1 Rhe8
23.Qe3 Nf7 24.d5 exd5 25.cxd5 Nxe5 26.Qf4 cxd5 27.Rhe1 d4 28.Qxf5+ Kb8 29.Re4 d3
30.Rb4 Re7 31.Be4 Qc5 32.Rxd3 Nxd3 33.Bxd3 Qxf5 34.Bxf5 Rd1+ 35.Ka2 h5 36.h3 Rd5
37.hxg4 hxg4 38.Bxg4 Rg5 39.a4 Reg7 40.Be2 a5 41.Re4 Rxg3 42.Bc4 R3g4 43.Re8+ Ka7
44.Bb5 Rb4 45.Re2 Rg3 46.Rf2 Rbg4 47.Rf7 Rg7 48.Rf4 Rg2 49.Rf3 R7g4 50.Ka1 Rb4
51.b3 Rd4 52.Rf1 Rdd2 53.Bc4 Rgf2 54.Rh1 Kb6  0-1

[Event "Open"]
[Site "Stare Mesto CZE"]
[Date "2008.08.11"]
[Round "5"]
[White "Olsarova,T"]
[Black "Karhanek,P"]
[Result "0-1"]
[WhiteElo "2075"]
[BlackElo "2196"]

1.e4 d5 2.exd5 Qxd5 3.Nc3 Qd6 4.d4 Nf6 5.g3 c6 6.Bf4 Qd8 7.Bg2 Bf5 8.Nge2 e6
9.O-O Bd6 10.Bd2 Nbd7 11.h3 h6 12.f4 h5 13.Kh2 Qc7 14.Ng1 g5 15.Nge2 gxf4
16.Bxf4 O-O-O 17.h4 Ng4+ 18.Kg1 Bxf4 19.Rxf4 Ne3 20.Qd2 Nxg2 21.Kxg2 Rhg8
22.Qe3 Nf6 23.Rff1 Rg7 24.Rad1 Rdg8 25.Rd2 Rg4 26.Rf4 R4g7 27.Rf1 Qd6 28.a3 Ng4
29.Qf3 Qd8 30.Kh1 Ne5 31.Qf2 Nc4 32.Rdd1 Bxc2 33.Rc1 Bd3 34.Rg1 Bxe2 35.Nxe2 Nb6
36.Nf4 Qf6 37.Rg2 Qf5 38.Qf3 Rg4 39.b4 Nd5 40.Rc5 Qb1+  0-1

[Event "WCh-Junior"]
[Site "Gaziantep TUR"]
[Date "2008.08.13"]
[Round "11"]
[White "Amin,B"]
[Black "Sengupta,D"]
[Result "1-0"]
[WhiteElo "2561"]
[BlackElo "2454"]

1.e4 d5 2.exd5 Qxd5 3.Nc3 Qd6 4.d4 Nf6 5.Nf3 c6 6.Be2 Bf5 7.Ne5 Nbd7 8.f4 e6
9.O-O h5 10.Be3 Nb6 11.Bf2 Qc7 12.a4 a5 13.Bf3 Be7 14.Ne2 Be4 15.Ng3 Bxf3
16.Qxf3 g6 17.Rae1 Kf8 18.Qb3 Nbd5 19.c4 Nb4 20.Ne4 Nxe4 21.Rxe4 Kg7 22.Be1 h4
23.Qh3 Qd6 24.Nxg6 f5 25.Nxe7 fxe4 26.Qg4+ Kf7 27.Qg6+ Kxe7 28.Qg7+ Ke8 29.Qxh8+ Qf8
30.Qxh4 Nd3 31.Qh7 Qf5 32.Qg8+ Qf8 33.Qxe6+ Qe7 34.Qg8+ Qf8 35.Qg6+ Kd7 36.Qxe4 Nxb2
37.d5 Nxa4 38.Bg3 Re8 39.dxc6+ bxc6 40.Rd1+ Kc7 41.f5+ Kb7 42.Rd7+ Kb6 43.Bc7+ Kb7
44.Bd6+  1-0

[Event "35th Open"]
[Site "Manresa ESP"]
[Date "2008.08.13"]
[Round "2"]
[White "Lorenzo de la Riva,L"]
[Black "Nogue Fajula,J"]
[Result "1-0"]
[WhiteElo "2367"]
[BlackElo "2053"]

1.e4 d5 2.exd5 Qxd5 3.Nc3 Qd8 4.d4 Nf6 5.Bg5 c6 6.Bc4 Bf5 7.Nf3 Nbd7 8.Nh4 Bg6
9.Nxg6 hxg6 10.Qd3 Qa5 11.Bd2 Qh5 12.Ne2 e6 13.Nf4 Qf5 14.O-O-O Bd6 15.g3 Nb6
16.Bb3 Nfd5 17.Qxf5 gxf5 18.Nd3 Nd7 19.h4 O-O-O 20.c4 Nc7 21.Bf4 Bxf4+ 22.Nxf4 Nf6
23.f3 Nh5 24.Nxh5 Rxh5 25.g4 fxg4 26.fxg4 Rhh8 27.h5 f6 28.Rhe1 Rhe8 29.Bc2 Rd6
30.Re4 Red8 31.b3 b6 32.b4 Na6 33.a3 Nc7 34.Kb2 Kb8 35.Kc3 c5 36.bxc5 bxc5
37.Rb1+ Rb6 38.dxc5 Rxb1 39.Bxb1 e5 40.g5 Ne6 41.gxf6 gxf6 42.h6 Ng5 43.Rh4 e4
44.Bxe4 Nxe4+ 45.Rxe4 Rh8 46.Rh4 Kc7 47.Kd4 Kc6 48.Ke4 Kd7 49.Kf5 Ke7 50.h7 Kf7
51.c6  1-0

[Event "Open"]
[Site "Panevezys LTU"]
[Date "2008.08.13"]
[Round "2"]
[White "Balcaite,A"]
[Black "Garnelis,J"]
[Result "0-1"]
[WhiteElo "1830"]
[BlackElo "2166"]

1.e4 d5 2.exd5 Qxd5 3.Nc3 Qd6 4.d4 a6 5.h3 Bf5 6.Nf3 Nc6 7.Bc4 e6 8.O-O Nf6
9.Be3 Be7 10.Qd2 Nb4 11.Bb3 Nbd5 12.Nxd5 exd5 13.Bf4 Qd8 14.Be5 c6 15.c3 O-O
16.Bc2 Ne4 17.Qd1 Bg6 18.Nd2 Re8 19.f3 Nxd2 20.Qxd2 Bg5 21.Qd1 Qb6 22.Bxg6 hxg6
23.Qb3 Qxb3 24.axb3 f6 25.Bg3 Re2 26.Rab1 Rae8 27.Rfe1 Rxe1+ 28.Rxe1 Rxe1+
29.Bxe1 Bc1 30.Kf2 Bxb2 31.Bd2 a5 32.Ke3 Ba3 33.c4 dxc4 34.bxc4 a4 35.Kd3 Kf7
36.d5 cxd5 37.cxd5 b5 38.Kc2 Ke7 39.Bf4 Kd7 40.h4 Bc5 41.Kb2 b4 42.Ka2 b3+
43.Kb2 Bf2 44.g3 Bd4+ 45.Ka3 Bc5+ 46.Kb2 Bd6 47.Bxd6 Kxd6 48.Ka3 Kxd5  0-1

[Event "Open A"]
[Site "Vladimir RUS"]
[Date "2008.08.13"]
[Round "2"]
[White "Timofeev,M"]
[Black "Yarysh,G"]
[Result "0-1"]
[WhiteElo "1876"]
[BlackElo "2304"]

1.e4 d5 2.exd5 Qxd5 3.Nc3 Qd8 4.d4 c6 5.Nf3 Bf5 6.Bc4 e6 7.Ne5 Nd7 8.Qe2 Nxe5
9.dxe5 Bb4 10.O-O Ne7 11.Bg5 h6 12.Bxe7 Qxe7 13.Rad1 Bxc3 14.bxc3 Rd8 15.Rxd8+ Qxd8
16.Rd1 Qa5 17.Qd2 O-O 18.f4 Qb6+ 19.Kf1 Bg4 20.Be2 Bxe2+ 21.Kxe2 Qa6+ 22.Qd3 Qxa2
23.c4 Qa5 24.Qb3 Qc5 25.Rd7 Qg1 26.Kf3 Qf1+ 27.Kg3 h5 28.Rxb7 h4+ 29.Kxh4 Qxf4+
30.Kh3 Qh6+ 31.Kg3 Qg5+ 32.Kh3 g6 33.g3 Qh5+ 34.Kg2 Qe2+ 35.Kh3 Qf1+ 36.Kh4 Qf5
37.g4 g5+ 38.Kh3 Qf1+ 39.Kg3 Qf4+ 40.Kh3 Kg7 41.Qg3 Qf1+  0-1

[Event "WCh-Junior"]
[Site "Gaziantep TUR"]
[Date "2008.08.14"]
[Round "12"]
[White "Papadopoulos,I"]
[Black "Caspi,I"]
[Result "1-0"]
[WhiteElo "2490"]
[BlackElo "2412"]

1.e4 d5 2.exd5 Qxd5 3.Nc3 Qd6 4.d4 Nf6 5.Nf3 c6 6.Ne5 Nbd7 7.Bf4 Nd5 8.Bg3 Nxc3
9.bxc3 Nxe5 10.Bxe5 Qa3 11.Qd2 Qb2 12.Rd1 Qxa2 13.Bd3 f6 14.Bf4 Qe6+ 15.Be2 g6
16.O-O Bg7 17.Bf3 O-O 18.d5 Qf7 19.dxc6 e5 20.Be3 Kh8 21.Rb1 bxc6 22.Bxc6 Be6
23.Bxa8 Rxa8 24.Qd6 Bf8 25.Rb8 Kg7 26.Bh6+ Kxh6 27.Qd2+ g5 28.Rxa8 Bc5 29.h4 e4
30.hxg5+ fxg5 31.Re1  1-0

[Event "83rd ch-FRA w"]
[Site "Pau FRA"]
[Date "2008.08.14"]
[Round "4"]
[White "Congiu,M"]
[Black "Verot,M"]
[Result "1-0"]
[WhiteElo "2196"]
[BlackElo "2125"]

1.e4 d5 2.exd5 Qxd5 3.Nc3 Qd6 4.d4 Nf6 5.Bc4 a6 6.Bb3 b5 7.Qf3 c6 8.Bf4 Qxd4
9.Nge2 Qb6 10.O-O-O Bg4 11.Qg3 Nbd7 12.Rhe1 Nc5 13.Bc7 Qb7 14.f3 Bd7 15.Nd4 Nxb3+
16.Nxb3 e6 17.Ne4 Nxe4 18.Rxe4 c5 19.Bd6 Bc6 20.Nxc5 Qa7 21.Bxf8 Bxe4 22.Qxg7 Rxf8
23.Nxe4 h6 24.Qxh6  1-0

[Event "83rd ch-FRA National B"]
[Site "Pau FRA"]
[Date "2008.08.14"]
[Round "4"]
[White "Kosten,A"]
[Black "Govciyan,P"]
[Result "0-1"]
[WhiteElo "2507"]
[BlackElo "2411"]

1.e4 d5 2.exd5 Qxd5 3.Nc3 Qd6 4.d4 Nf6 5.Nf3 Bg4 6.h3 Bh5 7.g4 Bg6 8.Ne5 Nbd7
9.Bf4 Nd5 10.Nxg6 Qxg6 11.Nxd5 Qe4+ 12.Be3 Qxd5 13.Rg1 O-O-O 14.Bg2 Qa5+
15.c3 c6 16.Qf3 Nf6 17.g5 Nd5 18.Bd2 e5 19.dxe5 Nb6 20.Qf5+ Kb8 21.Bf4 Ka8
22.Qe4 f6 23.gxf6 gxf6 24.e6 Bd6 25.O-O-O f5 26.Qf3 Qxa2 27.Rxd6 Nc4 28.Rd7 Qxb2+
29.Kd1 Qb1+ 30.Bc1 Rxd7+ 31.exd7 Rd8 32.Qf4 Nb2+ 33.Ke1 Nd3+ 34.Kd2 Nxf4
35.Bf1  0-1

[Event "Open"]
[Site "Ptuj SLO"]
[Date "2008.08.14"]
[Round "7"]
[White "Podkriznik,A"]
[Black "Florjan,M"]
[Result "1/2-1/2"]
[WhiteElo "1804"]
[BlackElo "2023"]

1.e4 d5 2.exd5 Qxd5 3.Nc3 Qd6 4.d4 Nf6 5.Nf3 a6 6.Bg5 Bg4 7.Be2 Nc6 8.h3 Bf5
9.a3 Rd8 10.Be3 e6 11.Qd2 Ne4 12.Nxe4 Bxe4 13.Rd1 Be7 14.O-O O-O 15.c4 Bf6
16.b4 b6 17.b5 Bxf3 18.Bxf3 axb5 19.c5 bxc5 20.dxc5 Qxd2 21.Bxd2 Ne5 22.Be2 Nc4
23.Bb4 Rd4 24.Rxd4 Bxd4 25.a4 c6 26.axb5 cxb5 27.Bxc4 bxc4 28.Rc1 c3 29.Bxc3 Bxc3
30.Rxc3 Rc8 31.f4 f6 32.Kf2 Kf7 33.Ke3 e5 34.f5 g6 35.g4 Ke7 36.Ke4 Rd8 37.Rb3 Rd4+
38.Ke3 gxf5 39.gxf5 h5 40.Rb7+ Ke8 41.Rb6 Ke7 42.Rb7+ Ke8 43.Rb6  1/2-1/2

[Event "Acropolis Open"]
[Site "Athens GRE"]
[Date "2008.08.15"]
[Round "7"]
[White "Gazis,Ef"]
[Black "Dounis,A"]
[Result "1/2-1/2"]
[WhiteElo "2308"]
[BlackElo "2162"]

1.e4 d5 2.exd5 Qxd5 3.Nc3 Qd6 4.d4 Nf6 5.Nf3 a6 6.Be3 Nbd7 7.Be2 e6 8.O-O b5
9.Ng5 Bb7 10.Bf3 Nd5 11.Nxd5 Bxd5 12.Re1 Be7 13.Ne4 Qc6 14.Bg5 Bxg5 15.Nxg5 h6
16.Bxd5 Qxd5 17.Qf3 Qxf3 18.Nxf3 Nb6 19.Ne5 Rd8 20.c3 Rd6 21.g3 Ke7 22.Kg2 Na4
23.Nd3 Rc8 24.Re5 f6 25.Re3 c5 26.Nxc5 Nxc5 27.dxc5 Rxc5 28.Rae1 g5 29.g4 Kf7
30.Kf3 f5 31.gxf5 exf5 32.Re5 Rcd5 33.Rxd5 Rxd5 34.Re2 h5 35.h3 Rd3+ 36.Kg2 h4
37.Rc2  1/2-1/2

[Event "Open"]
[Site "Panevezys LTU"]
[Date "2008.08.15"]
[Round "5"]
[White "Apanaviciute,K"]
[Black "Kasperavicius,J"]
[Result "1/2-1/2"]
[WhiteElo "1964"]
[BlackElo "1825"]

1.e4 d5 2.exd5 Qxd5 3.Nc3 Qd6 4.Nf3 Nf6 5.h3 a6 6.d4 Bf5 7.Bd3 Bxd3 8.Qxd3 Nc6
9.O-O e6 10.a3 Be7 11.b4 b5 12.Bg5 O-O 13.Rfe1 h6 14.Be3 Rad8 15.Rad1 Rfe8  1/2-1/2